|
|
|
|
| LEADER |
00876cam a2200253 7i4500 |
| 001 |
0000035058 |
| 005 |
20180611090000.0 |
| 007 |
##ta |
| 008 |
180611s2017 |
| 040 |
# |
# |
|a MATR
|
| 090 |
0 |
0 |
|a CHIN 338.4791
|b TRA
|
| 245 |
0 |
0 |
|a TRAVEL IN CHINA
|c Euromonitor International.
|
| 264 |
# |
1 |
|a London:
|b Euromonitor International,
|c 2017.
|
| 300 |
# |
# |
|a iii, 53 pages:
|b illustrations;
|c 30 cm.
|
| 336 |
# |
# |
|a text
|2 rdacontent
|
| 337 |
# |
# |
|a unmediated
|2 rdamedia
|
| 338 |
# |
# |
|a volume
|2 rdacarrier
|
| 490 |
0 |
# |
|a Market report - September 2017
|
| 650 |
# |
0 |
|a Car rental --
|x Markets --
|z China
|
| 650 |
# |
0 |
|a Travel retail --
|x Markets --
|z China
|
| 650 |
# |
0 |
|a Transportation --
|x Markets --
|z China
|
| 650 |
# |
0 |
|a Travel --
|x Markets --
|z China
|
| 650 |
# |
0 |
|a Travel accommodation --
|x Markets --
|z China
|
| 999 |
|
|
|a B000040268
|b Book
|c Countries
|e Business Information Centre
|